| 000 | 00735nam a2200217 a 4500 | ||
|---|---|---|---|
| 001 | 000032977 | ||
| 005 | 20240412074256.0 | ||
| 008 | 110804s1989 sp r 000 p spa d | ||
| 020 | _a8472324974 | ||
| 040 |
_aDO-SdBNP _bspa _cBNPHU |
||
| 082 |
_aRD861.4408 _bG216f |
||
| 100 | 1 |
_aGarcía, José Enrique, _d1948- _922487 |
|
| 245 | 1 | 3 |
_aEl fabulador y otros poemas / _cJosé Enrique García. |
| 260 |
_aMadrid : _bEdiciones de Cultura Hispánica : _bAgencia Española de Cooperación Internacional, _c1989. |
||
| 300 |
_a127 p. ; _c20 cm. |
||
| 490 | 1 | _aPoesía | |
| 650 | 4 |
_aPoesía dominicana _xColecciones _9351 |
|
| 650 | 0 |
_aLiteratura dominicana. _967 |
|
| 830 | 0 |
_aPoesía _91183 |
|
| 910 | _aValidado. Control de calidad. MMOLINA | ||
| 999 |
_c32468 _d32468 |
||